| 000 | 00560nam a22001937a 4500 | ||
|---|---|---|---|
| 999 |
_c170833 _d170833 |
||
| 005 | 20191227111806.0 | ||
| 010 | _a73315 | ||
| 020 |
_c2.00 _a- |
||
| 035 | _a73315 | ||
| 037 | _bBPPD | ||
| 082 | _a841 | ||
| 100 | _aمہر عثما نی | ||
| 245 |
_aتجليا ت _cمہر عثما نی |
||
| 246 |
_aTajalliyat (Urdu) _bby Mehar Usmani |
||
| 260 |
_aAagra _c1944 ء _bMaktaba Qasarul Adab |
||
| 270 |
_aQasar Street Riasat Juna Garh,KathiyaWar _bU.P. _k- _e- |
||
| 300 |
_a164 ص _c22 cm(hb) |
||
| 942 |
_2ddc _cUR _h841 _mم ہ ر |
||